Statistics for Countries of the World (Full Names)

Click here to take the quiz!

General Stats

  • This quiz has been taken 89 times
  • The average score is 131 of 196

Answer Stats

Country% Correct
United States
86%
Canada
82%
China
82%
France
82%
Austria
81%
Germany
81%
Russia
81%
Turkey
80%
Albania
78%
Argentina
78%
Australia
78%
Greece
78%
India
78%
Japan
78%
Mexico
78%
United Kingdom
78%
Andorra
77%
Brazil
77%
Iceland
77%
Spain
77%
Sweden
77%
Bulgaria
76%
Chile
76%
Croatia
76%
Denmark
76%
Egypt
76%
Estonia
76%
Finland
76%
Hungary
76%
Ireland
76%
Latvia
76%
Norway
76%
Portugal
76%
Algeria
74%
Iran
74%
Lithuania
74%
Belgium
73%
Indonesia
73%
Iraq
73%
Italy
73%
Morocco
73%
New Zealand
73%
Oman
73%
Romania
73%
San Marino
73%
Slovenia
73%
Yemen
73%
Afghanistan
72%
Belarus
72%
Colombia
72%
Libya
72%
Luxembourg
72%
Malta
72%
Monaco
72%
North Korea
72%
Pakistan
72%
Panama
72%
Paraguay
72%
Slovakia
72%
South Africa
72%
South Korea
72%
Switzerland
72%
Thailand
72%
Vatican City
72%
Belize
70%
Cuba
70%
Cyprus
70%
Czech Republic
70%
Saudi Arabia
70%
Serbia
70%
Venezuela
70%
Vietnam
70%
Bolivia
69%
Cambodia
69%
Costa Rica
69%
Fiji
69%
Israel
69%
Kenya
69%
Laos
69%
Peru
69%
Poland
69%
Ukraine
69%
Armenia
68%
Azerbaijan
68%
Bahamas
68%
Barbados
68%
Georgia
68%
Guinea
68%
Guyana
68%
Jordan
68%
Macedonia
68%
Moldova
68%
Montenegro
68%
Suriname
68%
Uruguay
68%
Bhutan
66%
Ecuador
66%
El Salvador
66%
Haiti
66%
Honduras
66%
Jamaica
66%
Lebanon
66%
Malaysia
66%
Mongolia
66%
Somalia
66%
Sudan
66%
Taiwan
66%
Zambia
66%
Angola
65%
Benin
65%
Cameroon
65%
Chad
65%
Lesotho
65%
Liechtenstein
65%
Nepal
65%
Netherlands
65%
Nicaragua
65%
Papua New Guinea
65%
Syria
65%
Uzbekistan
65%
Zimbabwe
65%
Bahrain
64%
Bangladesh
64%
Bosnia and Herzegovina
64%
Dominica
64%
Dominican Republic
64%
Ethiopia
64%
Guatemala
64%
Kosovo
64%
Malawi
64%
Mali
64%
Niger
64%
Nigeria
64%
Qatar
64%
Singapore
64%
Trinidad and Tobago
64%
Tunisia
64%
United Arab Emirates
64%
Burundi
62%
Gambia
62%
Kazakhstan
62%
Kuwait
62%
Liberia
62%
Maldives
62%
Tanzania
62%
Botswana
61%
Brunei
61%
Democratic Republic of the Congo
61%
Eritrea
61%
South Sudan
61%
Sri Lanka
61%
Central African Republic
59%
Djibouti
59%
Marshall Islands
59%
Mozambique
59%
Nauru
59%
Rwanda
59%
Seychelles
59%
Tajikistan
59%
Turkmenistan
59%
Uganda
59%
Vanuatu
59%
Comoros
58%
Madagascar
58%
Philippines
58%
Saint Lucia
58%
Togo
58%
Burma
57%
East Timor
57%
Ghana
57%
Guinea-Bissau
57%
Mauritania
57%
Namibia
57%
Senegal
57%
Swaziland
57%
Tonga
57%
Tuvalu
57%
Grenada
55%
Kiribati
55%
Kyrgyzstan
55%
Mauritius
55%
Republic of the Congo
55%
Saint Kitts and Nevis
55%
Antigua and Barbuda
54%
Palau
54%
Samoa
54%
Solomon Islands
54%
Cape Verde
53%
Equatorial Guinea
53%
Gabon
53%
Saint Vincent and the Grenadines
53%
Sierra Leone
53%
São Tomé and Príncipe
51%
Burkina Faso
50%
Cote d'Ivoire
47%
Federated States of Micronesia
46%

Score Distribution

Percentile by Number Answered

Percent of People with Each Score

Your Score History

You have not taken this quiz